99 Busiest Airports in the World - Statistics

General Stats
  • This quiz has been taken 106 times
  • The average score is 84 of 99
Answers on the Map
Answers color-coded by a green-red scale on the quiz's map according to % correct below.
 
Answer Stats
Answer % Correct
Narita/Tokyo
99%
Tokyo Haneda
99%
Beijing Capital
98%
Incheon/Seoul
97%
Mexico City
97%
Miami
97%
Moscow Domodedovo
97%
Moscow Sheremetyevo
97%
Taoyuan/Taipei
97%
Dublin
96%
Los Angeles
96%
Madrid
96%
Paris Charles de Gaulle
96%
Seoul Gimpo
96%
Sydney
96%
Kansai
94%
London Gatwick
94%
London Heathrow
94%
Manchester
94%
Mumbai
94%
New York City
94%
Rome
94%
San Francisco
94%
Seattle/Tacoma
94%
Shanghai Hongqiao
94%
Singapore
94%
Amsterdam Schiphol
93%
Atlanta
93%
Bangkok Don Mueang
93%
Bangkok Suvarnabhumi
93%
Barcelona
93%
Ho Chi Minh City
93%
Hong Kong
93%
Jakarta
93%
Lisbon
93%
London Stansted
93%
Melbourne
93%
New York City (LaGuardia)
93%
Toronto
93%
Arlanda/Stockholm
92%
Boston
92%
Chicago O'Hare
92%
Dallas/Fort Worth
92%
Delhi
92%
Istanbul
92%
Baltimore
91%
Brussels
91%
Copenhagen
91%
Guangzhou
91%
Kuala Lumpur
91%
Las Vegas
91%
Munich
91%
Oslo Gardermoen
91%
Philadelphia
91%
Washington D.C.
91%
Zürich
91%
Bogotá
90%
Guarulhos/São Paulo
90%
Houston
90%
Riyadh
90%
Vienna
90%
Abu Dhabi
89%
Frankfurt
89%
Orlando (Executive)
89%
Vancouver
89%
Denver
88%
Detroit
88%
Doha
88%
Dubai
88%
Manila
88%
Phoenix
88%
Brisbane
87%
Jeddah
81%
Salt Lake City
81%
Xi'An/Xianyang
81%
Cancún
80%
Düsseldorf
80%
Palma de Mallorca
80%
Minneapolis/St. Paul
79%
Charlotte
75%
Bengaluru
74%
Chengdu
72%
Chongqing
72%
Xiamen
69%
Newark
67%
Istanbul Sabiha Gökçen
66%
Antalya
64%
Fort Lauderdale/Hollywood
63%
Shanghai Pudong
62%
Fukuoka
61%
Shenzhen
60%
Jeju
55%
Nanjing
54%
Hangzhou
49%
Kunming
47%
Qingdao
45%
Orlando
43%
Changsha
42%
Zhengzhou
29%
No matching quizzes found
Score Distribution
Percent of People with Each Score
Percentile by Number Answered
Your Score History
You have not taken this quiz